<?xml version="1.0" encoding="UTF-8"?><?xml-stylesheet type="text/xsl" href="static/style.xsl"?><OAI-PMH xmlns="http://www.openarchives.org/OAI/2.0/" xmlns:xsi="http://www.w3.org/2001/XMLSchema-instance" xsi:schemaLocation="http://www.openarchives.org/OAI/2.0/ http://www.openarchives.org/OAI/2.0/OAI-PMH.xsd"><responseDate>2026-04-13T16:55:42Z</responseDate><request verb="GetRecord" identifier="oai:www.recercat.cat:2072/445952" metadataPrefix="marc">https://recercat.cat/oai/request</request><GetRecord><record><header><identifier>oai:recercat.cat:2072/445952</identifier><datestamp>2025-03-27T05:41:39Z</datestamp><setSpec>com_2072_98</setSpec><setSpec>col_2072_378192</setSpec></header><metadata><record xmlns="http://www.loc.gov/MARC21/slim" xmlns:dcterms="http://purl.org/dc/terms/" xmlns:xsi="http://www.w3.org/2001/XMLSchema-instance" xmlns:doc="http://www.lyncode.com/xoai" xsi:schemaLocation="http://www.loc.gov/MARC21/slim http://www.loc.gov/standards/marcxml/schema/MARC21slim.xsd">
   <leader>00925njm 22002777a 4500</leader>
   <datafield ind2=" " ind1=" " tag="042">
      <subfield code="a">dc</subfield>
   </datafield>
   <datafield ind2=" " ind1=" " tag="720">
      <subfield code="a">Martínez-García, Pedro José</subfield>
      <subfield code="e">author</subfield>
   </datafield>
   <datafield ind2=" " ind1=" " tag="720">
      <subfield code="a">Hartung, Jens</subfield>
      <subfield code="e">author</subfield>
   </datafield>
   <datafield ind2=" " ind1=" " tag="720">
      <subfield code="a">Pérez de los Cobos, Felipe</subfield>
      <subfield code="e">author</subfield>
   </datafield>
   <datafield ind2=" " ind1=" " tag="720">
      <subfield code="a">Martínez-García, Pablo</subfield>
      <subfield code="e">author</subfield>
   </datafield>
   <datafield ind2=" " ind1=" " tag="720">
      <subfield code="a">Jalili, Sara</subfield>
      <subfield code="e">author</subfield>
   </datafield>
   <datafield ind2=" " ind1=" " tag="720">
      <subfield code="a">Sánchez-Roldán, Juan Manuel</subfield>
      <subfield code="e">author</subfield>
   </datafield>
   <datafield ind2=" " ind1=" " tag="720">
      <subfield code="a">Rubio, Manuel</subfield>
      <subfield code="e">author</subfield>
   </datafield>
   <datafield ind2=" " ind1=" " tag="720">
      <subfield code="a">Dicenta, Federico</subfield>
      <subfield code="e">author</subfield>
   </datafield>
   <datafield ind2=" " ind1=" " tag="720">
      <subfield code="a">Martínez-Gómez, Pedro</subfield>
      <subfield code="e">author</subfield>
   </datafield>
   <datafield ind2=" " ind1=" " tag="260">
      <subfield code="c">2020</subfield>
   </datafield>
   <datafield ind2=" " ind1=" " tag="520">
      <subfield code="a">Prunus species are important crops in temperate regions. In these regions, drought periods are predicted to occur more frequently due to climate change. In this sense, to reduce the impact of climate warming, obtaining new tolerant/resistant cultivars and rootstocks is a mandatory goal in Prunus breeding. Therefore, the current study assembled three Prunus species including almond, (P. dulcis Mill D.A. Webb), apricot (P. armeniaca L.) and peach (P. persica L.) to model the temporal effects of drought. A hybrid peach × almond and a wild almond-relative species Prunus webbii were also included in the study. Physiological traits associated with photosynthetic activity, leaf water status, and chlorophyll content were assessed under three watering treatments. Results showed that effects of time, genotype, and treatment interact significantly in all traits. In addition, results confirmed that P. webbii have a greater tolerance to drought than commercial rootstocks. However, "Real Fino" apricot showed the fastest recovery after re-irrigation while being one of the most affected cultivars. In addition, from the better response to these watering treatments by the almond genotypes, two different trends were observed after re-irrigation treatment that clearly differentiate the response of the almond cultivar "Garrigue" from the rest of Prunus genotypes. A better characterization of the short-term drought response in Prunus, an accurate and more efficient evaluation of the genotype effect was obtained from the use of mixed models considering appropriate variance-covariance structures. Although the advantages of these approaches are rarely used in Prunus breeding, these methodologies should be undertaken in the future by breeders to increase efficiency in developing new breeding materials.</subfield>
   </datafield>
   <datafield tag="653" ind2=" " ind1=" ">
      <subfield code="a">Drought stress</subfield>
   </datafield>
   <datafield tag="653" ind2=" " ind1=" ">
      <subfield code="a">Prunus</subfield>
   </datafield>
   <datafield tag="653" ind2=" " ind1=" ">
      <subfield code="a">Mixed model</subfield>
   </datafield>
   <datafield tag="653" ind2=" " ind1=" ">
      <subfield code="a">Breeding</subfield>
   </datafield>
   <datafield tag="653" ind2=" " ind1=" ">
      <subfield code="a">Recovery</subfield>
   </datafield>
   <datafield ind2="0" ind1="0" tag="245">
      <subfield code="a">Temporal response to drought stress in several Prunus Rootstocks and wild species</subfield>
   </datafield>
</record></metadata></record></GetRecord></OAI-PMH>